Pete's dragon (Record no. 168094)

MARC details
000 -LEADER
fixed length control field 00716ngm a2200181 i 4500
001 - CONTROL NUMBER
control field C2-0344357
003 - CONTROL NUMBER IDENTIFIER
control field PPAK
005 - DATE AND TIME OF LATEST TRANSACTION
control field 20180727222842.0
008 - FIXED-LENGTH DATA ELEMENTS--GENERAL INFORMATION
fixed length control field 171231s2016 cau|||| ||||| | vleng d
040 ## - CATALOGING SOURCE
Original cataloging agency PPAK
Language of cataloging eng
Transcribing agency PPAK
Description conventions rda
245 10 - TITLE STATEMENT
Title Pete's dragon
264 #1 - PRODUCTION, PUBLICATION, DISTRIBUTION, MANUFACTURE, AND COPYRIGHT NOTICE
Place of production, publication, distribution, manufacture California :
Name of producer, publisher, distributor, manufacturer Walt Disney Studios Home Entertainment ,
Date of production, publication, distribution, manufacture, or copyright notice 2016
500 ## - GENERAL NOTE
General note Summary : For years, Mr. Meacham has told tales of the fierce dragon deep in the woods. To his daughter, Grace, these stories are little more than tall tales, until she meets Pete. Pete is a mysterious ten-year-old with no family who claims
700 ## - ADDED ENTRY--PERSONAL NAME
Relator term author
Personal name Lowery, David,
Relator term compile
Personal name Churgin, Lisa Zeno,
Relator term editor
942 ## - ADDED ENTRY ELEMENTS (KOHA)
Source of classification or shelving scheme Dewey Decimal Classification
Koha item type Digital Video Disc
Holdings
Withdrawn status Lost status Source of classification or shelving scheme Damaged status Not for loan Current library Shelving location Date acquired Source of acquisition Total Checkouts Total Renewals Full call number Barcode Date last seen Date last checked out Cost, replacement price Koha item type
    Dewey Decimal Classification     Perpustakaan Alor Setar Pinjaman Dewasa 12/02/2018 TBCB 3 1 791.4372 LOW A01555451 22/11/2018 15/11/2018 47.20 Digital Video Disc